000 00339nam a2200133Ia 4500
005 20251222143120.0
008 251222s9999||||xx |||||||||||||| ||spa||
020 _a84-7908-437-5
082 _a331.4/F81
100 _aFrau Linares, María José
245 0 _aEl Trabajo de las Mujeres:
264 _bUniversidad de Alicante
942 _cLIB
999 _c11517
_d11517